Best selling Manga Quiz - Statistics

General Stats
  • This quiz has been taken 1,024 times
    366 since last reset
  • The average score is 9 of 23
Answer Stats
Copies Sold Manga Series % Correct
480m One Piece
98%
250m Naruto
92%
260m Dragon Ball
84%
120m Bleach
79%
150m Demon Slayer: Kimetsu no Yaiba
70%
100m Attack on Titan
65%
100m Jujutsu Kaisen
60%
100m My Hero Academia
49%
230m Detective Conan
46%
100m JoJo's Bizarre Adventure
46%
157m Slam Dunk
33%
170m Doraemon
28%
300m Golgo 13
18%
100 Hajime no Ippo
14%
110m Kingdom
12%
148m Crayon Shin-chan
11%
100m Astro Boy
10%
100m Fist of the North Star
10%
100m Baki the Grappler
9%
156.5m KochiKame: Tokyo Beat Cops
8%
135m Oishinbo
5%
100m Touch
5%
100m The Kindaichi Case Files
3%
No matching quizzes found
Score Distribution
Percent of People with Each Score
Percentile by Number Answered
Your Score History
You have not taken this quiz since the last reset